书目信息 |
| 题名: |
大功率固体激光器的发展及应用
|
|
| 作者: | 王红英 著 | |
| 分册: | ||
| 出版信息: | 成都 电子科技大学出版社 2017.11 |
|
| 页数: | 328页 | |
| 开本: | 26cm | |
| 丛书名: | ||
| 单 册: | ||
| 中图分类: | TN248.1 | |
| 科图分类: | ||
| 主题词: | 大功率--固体激光器--研究 | |
| 电子资源: | ||
| ISBN: | 978-7-5647-5260-6 | |
| 000 | 00873nam0 2200229 450 | |
| 001 | 5378 | |
| 005 | 20181015162817.27 | |
| 010 | @a978-7-5647-5260-6@dCNY74.00 | |
| 100 | @a20180819d2017 em y0chiy50 ea | |
| 101 | 0 | @achi |
| 102 | @aCN@b510000 | |
| 105 | @aa z 000yy | |
| 200 | 1 | @a大功率固体激光器的发展及应用@9da gong lv gu ti ji guang qi de fa zhan ji ying yong@f王红英著 |
| 210 | @a成都@c电子科技大学出版社@d2017.11 | |
| 215 | @a328页@c图@d26cm | |
| 300 | @a陕西省自然科学基金项目资助 西安文理学院学术专著出版基金资助 | |
| 330 | @a本书分为九章,包括固体激光器导论、全固态激光技术基础理论研究、高功率全固态基频激光技术研究、大功率固体倍频激光技术研究、高功率全固态和频激光技术研究等内容。 | |
| 606 | 0 | @a大功率@x固体激光器@x研究 |
| 690 | @aTN248.1@v5 | |
| 701 | 0 | @a王红英@9wang hong ying@4著 |
| 801 | 0 | @aCN@b91MARC@c20180819 |
| 905 | @aMuseLib@dTN248.1@e135 | |
| 大功率固体激光器的发展及应用/王红英著.-成都:电子科技大学出版社,2017.11 |
| 328页:图;26cm |
| 陕西省自然科学基金项目资助 西安文理学院学术专著出版基金资助 |
| ISBN 978-7-5647-5260-6:CNY74.00 |
| 本书分为九章,包括固体激光器导论、全固态激光技术基础理论研究、高功率全固态基频激光技术研究、大功率固体倍频激光技术研究、高功率全固态和频激光技术研究等内容。 |
| ● |
| 相关链接 |
|
|
|
|
正题名:大功率固体激光器的发展及应用
索取号:TN248.1/135
 
预约/预借
| 序号 | 登录号 | 条形码 | 馆藏地/架位号 | 状态 | 备注 |
| 1 | 1129415 | 211294151 | 第二样本阅览室/ [索取号:TN248.1/135] | 在馆 | |
| 2 | 1129416 | 211294160 | 第三借阅区/ [索取号:TN248.1/135] | 在馆 | |
| 3 | 1129417 | 211294179 | 第三借阅区/ [索取号:TN248.1/135] | 在馆 | |
| 4 | 1129418 | 211294188 | 第三借阅区/ [索取号:TN248.1/135] | 在馆 | |
| 5 | 1129419 | 211294197 | 密集书库-物理学院/ [索取号:TN248.1/135] | 在馆 |